Countries Starting with J and their Capitals - Statistics

General Stats
  • This quiz has been taken 43 times
  • The average score is 5 of 6
Answer Stats
Country % Correct
Japan
97%
Jamaica
94%
Tokyo
91%
Kingston
88%
Jordan
85%
Amman
76%
No matching quizzes found
Score Distribution
Percent of People with Each Score
Percentile by Number Answered
Your Score History
You have not taken this quiz